Closing space : (Registro nro. 70320)
[ vista simple ]
| 000 -LÍDER | |
|---|---|
| Campo fijo de descripción fija | 01701nab a2200241 i 4500 |
| 001 - NÚMERO DE CONTROL | |
| Campo de control | 768714001 |
| 003 - IDENTIFICADOR DEL NÚMERO DE CONTROL | |
| Campo de control | CO-MdFUSB |
| 005 - FECHA Y HORA DE LA ULTIMA TRANSACCIÓN | |
| control field | 20240620142017.0 |
| 008 - ELEMENTOS DE LONGITUD FIJA -- INFORMACIÓN GENERAL | |
| Campo fijo de descripción fija -- Información general | 240620t1992 us ||||| |||| 00| 0 eng d |
| 040 ## - FUENTE DE CATALOGACIÓN | |
| Idioma de catalogación | spa |
| Agencia que realiza la transcripción | CO-MdFUSB |
| Agencia que realiza la modificación | CO-MdFUSB |
| 041 ## - CÓDIGO DE IDIOMA | |
| Código de idioma para texto/pista de sonido o título separado | eng |
| 100 ## - ASIENTO PRINCIPAL--NOMBRE PERSONAL | |
| Nombre personal | Larson, Donald N., |
| Término relacionador | autor |
| 245 1# - TÍTULO | |
| Título | Closing space : |
| Subtitulo | de-alienation in missionary orientation |
| Mención de responsabilidad | / Donald N. Larson |
| 520 ## - NOTA DE RESUMEN, ETC. | |
| Nota de sumario, etc. | Como forastero en una comunidad, el propio marco conceptual del mundo de un misionero suele ser muy diferente del de sus anfitriones: los de dentro. No se hace mucho hasta que se cierra este espacio conceptual, y cerrar ese espacio depende principalmente de la iniciativa del extraño. Aprender a cerrar este espacio, un ejercicio de dealienación , debería convertirse en un principio organizativo central en la orientación de entrada (en el campo). Se presenta y desarrolla un modelo para un programa de 36 meses. Sin embargo, los voluntarios varían ampliamente en su potencial para cerrar brechas y su disposición para someterse al proceso de dealienación. Además, algunas situaciones plantean brechas amplias y difíciles de colmar. A veces los voluntarios se adaptan bien a las situaciones y otras no. Se presenta y discute un modelo para relacionar voluntarios y situaciones. |
| 546 ## - NOTA DE IDIOMA | |
| Nota de idioma | texto en inglés. |
| 650 #7 - ASIENTO SECUNDARIO DE MATERIA - TERMINO TEMÁTICO | |
| Término temático o nombre geográfico como elemento de entrada | Misioneros |
| 9 (RLIN) | 931 |
| 650 #7 - ASIENTO SECUNDARIO DE MATERIA - TERMINO TEMÁTICO | |
| Término temático o nombre geográfico como elemento de entrada | Antropología cultural y social |
| 9 (RLIN) | 6714 |
| 650 #0 - ASIENTO SECUNDARIO DE MATERIA - TERMINO TEMÁTICO | |
| Término temático o nombre geográfico como elemento de entrada | Vida cristiana |
| 9 (RLIN) | 19 |
| 650 #0 - ASIENTO SECUNDARIO DE MATERIA - TERMINO TEMÁTICO | |
| Término temático o nombre geográfico como elemento de entrada | Teología práctica |
| 9 (RLIN) | 180 |
| 773 0# - ASIENTO DE ITEM FUENTE | |
| Biblionumber | 49486 |
| Itemnumber | 61130 |
| Lugar, editorial y fecha de publicación | Pasadena |
| Otro identificador del ítem | R0884 |
| Título | Missiology: |
| Número de control del registro | (CO-MdFUSB)97 |
| Parte(s) relacionada(s) / Volumen., número. (mes año), páginas | Volumen 20, (número 4, 1992) páginas: 513 - 523 |
| Enumeración y primera página | página: 513 |
| 942 ## - TIPO DE MATERIAL (KOHA) | |
| Tipo de Item KOHA | Artículos de Revista |
| 945 ## - INFORMACIÓN LOCAL DEL REGISTRO | |
| Catalogador | Catherine Arias Álvarez - Practicante SENA |
No hay ítems disponibles.
